Abréviations N°3 - Statistiques

Statistiques générales
  • Ce quiz a été pris 62 fois
  • Le résultat moyen est 7 sur 11
Statistiques - réponses
Terme Abréviation % Correct
Son Altesse Impériale S.A.I.
86%
Son Altesse Royale S.A.R.
86%
Son Altesse Sérénissime S.A.S.
86%
Son Altesse S.A.
85%
Sa Majesté S.M
83%
Comte Cte
69%
Comtesse Ctesse
59%
Baron Bon
47%
Baronne Bonne
47%
Marquis Mis
29%
Marquise Mise
27%
Aucun quiz correspondant
Distribution des résultats
% des personnes avec chaque résultat
Percentile par nombre de réponses
Votre historique - résultats
Vous n’avez pas pris ce quiz